El sistema fiscal en la España romana (Record no. 109752)

MARC details
000 -LEADER
campo de control de longitud fija 00570nam a2200169 4500
001 - NÚMERO DE CONTROL
campo de control 109752
003 - IDENTIFICADOR DE NÚMERO DE CONTROL
campo de control ES-MaACL
005 - FECHA Y HORA DE LA ÚLTIMA TRANSACCIÓN
campo de control 20230906184914.0
007 - CAMPO FIJO DE DESCRIPCIÓN FÍSICA--INFORMACIÓN GENERAL
campo de control de longitud fija t|
008 - DATOS DE LONGITUD FIJA--INFORMACIÓN GENERAL
campo de control de longitud fija 061121s1980 sp r ||||1| spa d
100 1# - ENTRADA PRINCIPAL--NOMBRE DE PERSONA
Nombre de persona Muñiz Coello, Joaquín.
9 (RLIN) 84272
245 13 - MENCIÓN DEL TÍTULO
Título El sistema fiscal en la España romana
Resto del título : (República y Alto Imperio) /
Mención de responsabilidad, etc. Joaquín Muñiz Coello.
260 ## - PUBLICACIÓN, DISTRIBUCIÓN, ETC.
Lugar de publicación, distribución, etc. Huelva :
Nombre del editor, distribuidor, etc. Colegio Universitario de La Rábida,
Fecha de publicación, distribución, etc. 1980.
300 ## - DESCRIPCIÓN FÍSICA
Extensión VII, 362 p. ;
Dimensiones 21 cm.
710 2# - ENTRADA AGREGADA--NOMBRE DE ENTIDAD CORPORATIVA
Nombre de entidad corporativa o nombre de jurisdicción como elemento de entrada Colegio Universitario de La Rábida.
9 (RLIN) 2990
852 ## - LOCALIZACIÓN
Ubicación ES-MaACL
Número de control de estantería L-176
Sublocalización o colección R.100495
Holdings
Estatus retirado Estado de pérdida Estado de daño No para préstamo Biblioteca de origen Biblioteca actual Ubicación en estantería Fecha de adquisición Fuente de adquisición Total de préstamos Signatura topográfica completa Código de barras Visto por última vez Precio de reemplazo Tipo de ítem Koha
        Biblioteca del Ateneo de Madrid Biblioteca del Ateneo de Madrid Depósito 2 17/01/2008     L-176 1114514 23/02/2023 23/02/2023 Libro impreso